| 000 | 01590 a2200265 4500 | ||
|---|---|---|---|
| 003 | OSt | ||
| 005 | 20180116192350.0 | ||
| 008 | 120601t xxu||||| |||| 00| 0 eng d | ||
| 020 | _a9789057681219 (paperback) | ||
| 020 | _a9789057681219 (paperback) | ||
| 040 | _c0 | ||
| 082 | 0 | 4 | _a745.40 |
| 100 | 1 |
_aPress, Pepin. _93358 |
|
| 245 | 1 | 0 |
_a Islamic designs = Islamische designs = Motisfs islamiques = Disegni islamic = Motivos islamicos = Desenhos islamicos _cPepin Press. |
| 250 | _aPap/Cdr Mu ed. | ||
| 260 |
_aAmsterdam : _bPepin Press, _c2009. |
||
| 300 |
_a143 p. : _bill. ; _c22 cm. |
||
| 490 | 1 | _aAgile rabbit editions. | |
| 520 | _aThe culture of the Muslim world has developed a very specific type of ornamental design, which is grounded in the religious demands of Islam. The visual language of Islamic design employs a variety of intricate geometric patterns, floral elements and ornate calligraphy, all of which are used to decorate manuscripts, textiles, furniture, buildings, etc. ISLAMIC DESIGNS presents a diverse collection of designs, ranging from simple and elegant elements to complex and highly ornate interlocking patterns. The present book is a completely revised, enlarged and improved version of an earlier Agile Rabbit edition with the same title. | ||
| 650 | 1 | 0 |
_aIslamic decoration and ornament _93359 |
| 830 | 0 |
_aAgile rabbit editions. _93360 |
|
| 856 | 4 | 0 |
_3Amazon.com _uhttp://www.amazon.com/exec/obidos/ASIN/9057681218/chopaconline-20 |
| 942 |
_aSADA _cBK _k745.40 PEP 2009 _2ddc |
||
| 999 |
_c352890 _d352890 |
||